Residential Buildings (Record no. 12252)

000 -LEADER
fixed length control field 00316 a2200145 4500
003 - CONTROL NUMBER IDENTIFIER
control field OSt
005 - DATE AND TIME OF LATEST TRANSACTION
control field 20231228160146.0
008 - FIXED-LENGTH DATA ELEMENTS--GENERAL INFORMATION
fixed length control field 231228b ||||| |||| 00| 0 eng d
020 ## - INTERNATIONAL STANDARD BOOK NUMBER
International Standard Book Number 9788957704554
082 ## - DEWEY DECIMAL CLASSIFICATION NUMBER
Classification number 690.8314
100 ## - MAIN ENTRY--PERSONAL NAME
Personal name Daewoo
245 ## - TITLE STATEMENT
Title Residential Buildings
260 ## - PUBLICATION, DISTRIBUTION, ETC. (IMPRINT)
Name of publisher, distributor, etc Archiworld
942 ## - ADDED ENTRY ELEMENTS (KOHA)
Source of classification or shelving scheme
Holdings
Withdrawn status Lost status Source of classification or shelving scheme Damaged status Koha normalized classification for sorting Not for loan Permanent location Current location Date acquired Source of acquisition Cost, normal purchase price Full call number Barcode Date last seen Cost, replacement price Price effective from Koha item type
        690_831400000000000   BMS College of Architecture, Design and Planning BMS College of Architecture, Design and Planning 2023-12-28 10 5566.05 690.8314 AR-UG3457 2023-12-28 7951.50 2023-12-28 UG Books
Copyright © 2025, The Librarian, Library and Information Centre, BMSCA D&P, Bengaluru. All Rights Reserved
web counter

Powered by Koha